Hướng dẫn ôn tập môn kinh tế chính trị Mác Lênin : dùng cho sinh viên các trường Đại học và cao đẳng
Sách trình bày đối tượng, phương pháp và chức năng của kinh tế chính trị Mác -Lênin. Sách cũng tóm tắt những vấn đề kinh tế chính trị của phương thức sản xuất tư bạn chủ nghĩa, những vấn đề kinh tế chính trị của thời kỳ quá độ lên ch...
Αποθηκεύτηκε σε:
| Κύριος συγγραφέας: | |
|---|---|
| Μορφή: | Βιβλίο |
| Γλώσσα: | Undetermined |
| Έκδοση: |
[Hà Nội]
Đại học Sư phạm
2008
|
| Θέματα: | |
| Ετικέτες: |
Προσθήκη ετικέτας
Δεν υπάρχουν, Καταχωρήστε ετικέτα πρώτοι!
|
| Thư viện lưu trữ: | Trung tâm Học liệu Trường Đại học Cần Thơ |
|---|
| LEADER | 01274nam a2200229Ia 4500 | ||
|---|---|---|---|
| 001 | CTU_150846 | ||
| 008 | 210402s9999 xx 000 0 und d | ||
| 020 | |c 26000 | ||
| 082 | |a 335.412 | ||
| 082 | |b T305 | ||
| 100 | |a Vũ, Hồng Tiến | ||
| 245 | 0 | |a Hướng dẫn ôn tập môn kinh tế chính trị Mác Lênin : | |
| 245 | 0 | |b dùng cho sinh viên các trường Đại học và cao đẳng | |
| 245 | 0 | |c Vũ Hồng Tiến, Nguyễn Nhật Tân | |
| 260 | |a [Hà Nội] | ||
| 260 | |b Đại học Sư phạm | ||
| 260 | |c 2008 | ||
| 520 | |a Sách trình bày đối tượng, phương pháp và chức năng của kinh tế chính trị Mác -Lênin. Sách cũng tóm tắt những vấn đề kinh tế chính trị của phương thức sản xuất tư bạn chủ nghĩa, những vấn đề kinh tế chính trị của thời kỳ quá độ lên chủ nghĩa xã hội ở Việt Nam | ||
| 650 | |a Capitalism,Socialism,Chủ nghĩa tư bản,Chủ nghĩa xã hội | ||
| 650 | |x Study and teaching,Study and teaching,Dạy và học,Dạy và học | ||
| 904 | |i Huỳnh Mai | ||
| 980 | |a Trung tâm Học liệu Trường Đại học Cần Thơ | ||